Top 100 Biggest Cities in Illinois - Statistics

General Stats
  • This quiz has been taken 4,857 times
    559 since last reset
  • The average score is 41 of 100
Answer Stats
# City Population % Correct
1 Chicago 2,746,388
100%
7 Springfield 114,394
91%
4 Naperville 149,540
90%
2 Aurora 180,542
88%
8 Peoria 113,150
87%
5 Rockford 148,655
85%
3 Joliet 150,362
84%
10 Champaign 88,302
81%
6 Elgin 114,797
75%
13 Bloomington 78,680
72%
14 Evanston 78,110
72%
9 Waukegan 89,321
71%
47 Urbana 38,336
68%
17 Decatur 70,522
66%
12 Schaumburg 78,723
65%
28 Normal 52,736
64%
15 Arlington Heights 77,676
63%
11 Cicero 85,268
62%
36 Moline 42,985
61%
26 Oak Park 54,583
60%
50 Rock Island 37,108
57%
19 Skokie 67,824
56%
98 Kankakee 24,052
53%
20 Des Plaines 60,675
51%
63 North Chicago 30,759
51%
16 Bolingbrook 73,922
50%
39 DeKalb 40,290
50%
18 Palatine 67,908
50%
45 Quincy 39,463
50%
87 West Chicago 25,614
47%
22 Oak Lawn 58,362
46%
25 Tinley Park 55,971
46%
27 Wheaton 53,970
46%
76 Chicago Heights 27,480
44%
21 Orland Park 58,703
44%
57 St. Charles 33,081
44%
29 Hoffman Estates 52,530
43%
30 Downers Grove 50,247
42%
37 Belleville 42,404
41%
69 Danville 29,204
41%
82 Edwardsville 26,808
41%
31 Glenview 48,705
40%
35 Buffalo Grove 43,212
39%
32 Elmhurst 45,786
38%
24 Mount Prospect 56,852
38%
23 Berwyn 57,250
37%
65 Highland Park 30,176
37%
33 Plainfield 44,762
37%
41 Romeoville 39,863
36%
40 Crystal Lake 40,269
35%
34 Lombard 44,476
35%
62 Niles 30,912
35%
53 Northbrook 35,222
35%
91 Zion 24,655
35%
54 Oswego 34,585
34%
73 Wilmette 28,170
34%
46 Wheeling 39,137
33%
85 Alton 25,676
32%
51 Calumet City 36,033
32%
66 Galesburg 30,052
32%
64 Gurnee 30,706
32%
67 Algonquin 29,700
31%
80 McHenry 27,135
31%
43 Park Ridge 39,656
31%
88 Belvidere 25,339
30%
42 Carol Stream 39,854
30%
58 Elk Grove Village 32,812
30%
60 Pekin 31,731
30%
52 Addison 35,702
29%
72 Glen Ellyn 28,846
29%
75 Granite City 27,549
29%
59 O'Fallon 32,289
29%
83 Batavia 26,098
28%
95 Collinsville 24,366
27%
99 Freeport 23,973
27%
84 Lockport 26,094
27%
61 Mundelein 31,560
26%
100 South Elgin 23,865
26%
38 Bartlett 41,105
25%
48 Carpentersville 37,983
25%
44 Streamwood 39,577
25%
86 Woodstock 25,630
25%
81 Vernon Hills 26,850
23%
77 Oak Forest 27,478
22%
78 Round Lake Beach 27,252
21%
70 Lansing 29,076
20%
55 Woodridge 34,158
20%
68 Burbank 29,439
19%
74 Huntley 27,740
19%
96 Lisle 24,223
19%
89 Morton Grove 25,297
19%
97 Rolling Meadows 24,200
19%
93 Elmwood Park 24,521
18%
56 Glendale Heights 33,176
18%
49 Hanover Park 37,470
18%
71 Lake in the Hills 28,982
18%
90 Melrose Park 24,796
17%
79 New Lenox 27,214
17%
92 Homer Glen 24,543
13%
94 Westmont 24,429
11%
No matching quizzes found
Score Distribution
Percent of People with Each Score
Percentile by Number Answered
Your Score History
You have not taken this quiz since the last reset